Les républiques de l'Amérique espagnole / (Record no. 154826)

MARC details
000 -LEADER
campo de control de longitud fija 00630nam a22001695i 4500
001 - NÚMERO DE CONTROL
campo de control 154826
003 - IDENTIFICADOR DE NÚMERO DE CONTROL
campo de control ES-MaACL
005 - FECHA Y HORA DE LA ÚLTIMA TRANSACCIÓN
campo de control 20230906205851.0
008 - DATOS DE LONGITUD FIJA--INFORMACIÓN GENERAL
campo de control de longitud fija 040712s1862 fr |||| | fre d
080 ## - NÚMERO DE LA CLASIFICACIÓN DECIMAL UNIVERSAL
Número de la Clasificación Decimal Universal 353.8(7/8=134.2)
100 1# - ENTRADA PRINCIPAL--NOMBRE DE PERSONA
Nombre de persona Guardia, Joseph-Michel.
9 (RLIN) 174935
245 14 - MENCIÓN DEL TÍTULO
Título Les républiques de l'Amérique espagnole /
Mención de responsabilidad, etc. par J.M. Guardia.
260 ## - PUBLICACIÓN, DISTRIBUCIÓN, ETC.
Lugar de publicación, distribución, etc. Paris :
Nombre del editor, distribuidor, etc. Librairie de L. Hachette et Cie.,
Fecha de publicación, distribución, etc. 1862 (
Fabricante Imp. de Ch. Lahure)
300 ## - DESCRIPCIÓN FÍSICA
Extensión 61 p. ;
Dimensiones 22 cm.
651 #4 - PUNTO DE ACCESO ADICIONAL DE MATERIA--NOMBRE GEOGRÁFICO
Nombre geográfico América española-
Subdivisión general Administración.
9 (RLIN) 168386
852 4# - LOCALIZACIÓN
Ubicación ES-MaACL
Número de control de estantería T-82-F-5
Nota libre - Enc. hol., falto de cub. original
-- - Enc. en un vol. facticio
Holdings
Estatus retirado Estado de pérdida Estado de daño No para préstamo Colección Biblioteca de origen Biblioteca actual Ubicación en estantería Fecha de adquisición Total de préstamos Signatura topográfica completa Código de barras Visto por última vez Precio de reemplazo Tipo de ítem Koha
        Colección de folletos Biblioteca del Ateneo de Madrid Biblioteca del Ateneo de Madrid Depósito folletos 17/01/2008   T-82-F-5 1161944 23/02/2023 23/02/2023 Folleto